Nursing Leadership and Management: (Record no. 5791)

MARC details
000 -LEADER
fixed length control field 00809cam a2200265 a 4500
001 - CONTROL NUMBER
control field 4224490
003 - CONTROL NUMBER IDENTIFIER
control field OSt
005 - DATE AND TIME OF LATEST TRANSACTION
control field 20210512095331.0
008 - FIXED-LENGTH DATA ELEMENTS--GENERAL INFORMATION
fixed length control field 821022s1983 caua b 001 0 eng
010 ## - LIBRARY OF CONGRESS CONTROL NUMBER
LC control number 82020193
020 ## - INTERNATIONAL STANDARD BOOK NUMBER
International Standard Book Number 0534013376
040 ## - CATALOGING SOURCE
Original cataloging agency DLC
Transcribing agency DLC
Modifying agency DLC
050 10 - LIBRARY OF CONGRESS CALL NUMBER
Classification number RT89
Item number .L3 1983
060 ## - NATIONAL LIBRARY OF MEDICINE CALL NUMBER
Classification number WY 105 M234L
082 ## - DEWEY DECIMAL CLASSIFICATION NUMBER
Classification number WY105 M74n 1983
100 1# - MAIN ENTRY--PERSONAL NAME
Personal name Rigolosi, Elaine La Monica
9 (RLIN) 12027
245 10 - TITLE STATEMENT
Title Nursing Leadership and Management:
Remainder of title an experiential approach
260 ## - PUBLICATION, DISTRIBUTION, ETC. (IMPRINT)
Place of publication, distribution, etc. Monterey, Calif. :
Name of publisher, distributor, etc. Wadsworth Health Sciences Div.,
Date of publication, distribution, etc. 1983.
300 ## - PHYSICAL DESCRIPTION
Extent xii, 316 p. :
Other physical details ill. ;
Dimensions 25 cm.
504 ## - BIBLIOGRAPHY, ETC. NOTE
Bibliography, etc Includes bibliographies and indexes.
650 #0 - SUBJECT ADDED ENTRY--TOPICAL TERM
Topical term or geographic name as entry element Nursing Training
9 (RLIN) 12028
650 #0 - SUBJECT ADDED ENTRY--TOPICAL TERM
Topical term or geographic name as entry element Leadership.
9 (RLIN) 1402
906 ## - LOCAL DATA ELEMENT F, LDF (RLIN)
a 7
b cbc
c orignew
d 1
e ocip
f 19
g y-gencatlg
942 ## - ADDED ENTRY ELEMENTS (KOHA)
Source of classification or shelving scheme Other/Generic Classification Scheme
Koha item type Open Shelf
Holdings
Withdrawn status Lost status Source of classification or shelving scheme Damaged status Not for loan Home library Current library Date acquired Source of acquisition Inventory number Total Checkouts Full call number Barcode Date last seen Price effective from Koha item type
    Other/Generic Classification Scheme     MUST Main Library MUST Main Library 04/04/2017   2002/17547   WY 105 M74n 1983 2017-0721 04/04/2017 04/04/2017 Open Shelf
    Other/Generic Classification Scheme     MUST Main Library MUST Main Library 05/04/2017   2002/17548   WY 105 M74n 1983 2017-0736 05/04/2017 05/04/2017 Open Shelf